[Event "DEM U16 2005"]
[Site "Willingen GER"]
[Date "2005.05.21"]
[Round "9"]
[White "Gegenfurtner, Jürgen"]
[Black "Völbel, Patrick"]
[Result "0-1"]
[Termination "normal"]
[Board "9"]
[WhiteElo "1926"]
[BlackElo "2108"]
[PlyCount "86"]
[BlackFideId "24622583"]
[EventCountry "GER"]
[EventRounds "9"]
[EventType "swiss"]
[EventDate "2005.05.15"]

1. e4 c5 2. Nf3 e6 3. Nc3 a6 4. g3 Qc7 5. Bg2 b5 6. d3 Bb7 7. O-O Nf6 8. Nh4 d6
9. Be3 Be7 10. h3 O-O 11. f4 Nc6 12. Qe1 Nd7 13. Nf3 b4 14. Ne2 d5 15. f5 dxe4
16. dxe4 e5 17. c3 a5 18. g4 f6 19. h4 Nb6 20. g5 Nc4 21. Bc1 Rfd8 22. Ng3 Ba6
23. Nh5 Nd6 24. Nh2 Bxf1 25. Bxf1 Nb8 26. Ng4 Nd7 27. Qd2 Qb7 28. gxf6 Nxf6 29.
Nh6+ Kh8 30. Nxf6 Bxf6 31. Ng4 Nxe4 32. Qe2 Ng3 33. Qg2 Qxg2+ 34. Bxg2 Rac8 35.
Bg5 Bxg5 36. hxg5 Nxf5 37. Nxe5 Rc7 38. Rf1 g6 39. Bh3 Rd5 40. Ng4 Rd3 41. Bg2
bxc3 42. bxc3 Rg3 43. Nh6 Rxg2+ 0-1

[Event "DEM U16 2005"]
[Site "Willingen GER"]
[Date "2005.05.21"]
[Round "9"]
[White "Rietze, Clemens"]
[Black "Ebert, Manuel"]
[Result "1-0"]
[Termination "normal"]
[Board "10"]
[WhiteElo "1879"]
[BlackElo "2064"]
[PlyCount "89"]
[WhiteFideId "24620351"]
[BlackFideId "24621102"]
[EventCountry "GER"]
[EventRounds "9"]
[EventType "swiss"]
[EventDate "2005.05.15"]

1. d4 d5 2. c4 e6 3. Nc3 Nf6 4. Bg5 Be7 5. cxd5 exd5 6. e3 h6 7. Bh4 O-O 8. Bd3
b6 9. Nf3 Ba6 10. Bxa6 Nxa6 11. O-O Nb8 12. Rc1 Nbd7 13. Ne5 Nxe5 14. dxe5 Ne4
15. Bxe7 Nxc3 16. Bxd8 Nxd1 17. Rfxd1 Rfxd8 18. Rxc7 Kf8 19. Kf1 Ke8 20. Ke2 g6
21. Rd4 h5 22. Rf4 Rd7 23. Rxd7 Kxd7 24. Rxf7+ Ke6 25. Rf6+ Kxe5 26. Rxg6 Rc8
27. Kd2 Rh8 28. h4 Rh7 29. Kd3 Kf5 30. Rg5+ Ke6 31. f3 Rh8 32. a4 Rh7 33. b3
Rh8 34. Kd4 Rc8 35. Rxd5 Rc2 36. Rg5 Rd2+ 37. Kc3 Re2 38. e4 Re3+ 39. Kb4 a5+
40. Kc4 Re2 41. Kb5 Rb2 42. Kxb6 Rxb3+ 43. Rb5 Ra3 44. Kxa5 Ra2 45. Rg5 1-0

[Event "DEM U16 2005"]
[Site "Willingen GER"]
[Date "2005.05.21"]
[Round "9"]
[White "Braun, Konstantin"]
[Black "Schneider, David"]
[Result "0-1"]
[Termination "normal"]
[Board "11"]
[WhiteElo "1662"]
[BlackElo "2144"]
[PlyCount "64"]
[BlackFideId "4697111"]
[EventCountry "GER"]
[EventRounds "9"]
[EventType "swiss"]
[EventDate "2005.05.15"]

1. e4 c5 2. d4 cxd4 3. c3 dxc3 4. Nxc3 e6 5. Bc4 a6 6. Nf3 b5 7. Bb3 d6 8. O-O
Ra7 9. Qe2 Rd7 10. Bf4 Ne7 11. Rac1 Bb7 12. Rfd1 Nbc6 13. Bg5 h6 14. Bh4 g5 15.
Bg3 Bg7 16. e5 d5 17. Nd4 Nxd4 18. Rxd4 Nf5 19. Rdd1 Qb6 20. Bc2 Nxg3 21. hxg3
Ke7 22. Kf1 Qc7 23. f4 gxf4 24. gxf4 Qc4 25. Qxc4 bxc4 26. Ne2 f6 27. exf6+
Bxf6 28. Nd4 Kd6 29. b4 Rf7 30. g3 Bxd4 31. Rxd4 e5 32. Rdd1 exf4 0-1

[Event "DEM U16 2005"]
[Site "Willingen GER"]
[Date "2005.05.21"]
[Round "9"]
[White "Friedrich, Paul-Robert"]
[Black "Kühn, Martin"]
[Result "1-0"]
[Termination "normal"]
[Board "12"]
[WhiteElo "1956"]
[BlackElo "1758"]
[PlyCount "37"]
[WhiteFideId "24616036"]
[EventCountry "GER"]
[EventRounds "9"]
[EventType "swiss"]
[EventDate "2005.05.15"]

1. d4 e6 2. c4 d5 3. Nc3 Nf6 4. Nf3 c6 5. Bg5 Be7 6. e3 O-O 7. cxd5 exd5 8. Bd3
Bg4 9. Qc2 Nbd7 10. O-O Bh5 11. Rab1 Bg6 12. b4 Ne4 13. Bxe7 Qxe7 14. b5 cxb5
15. Nxd5 Qd6 16. Bxe4 Bxe4 17. Qxe4 Rfe8 18. Qf5 g6 19. Qxd7 1-0

[Event "DEM U16 2005"]
[Site "Willingen GER"]
[Date "2005.05.21"]
[Round "9"]
[White "Held, Florian"]
[Black "Glantz, Robert"]
[Result "0-1"]
[Termination "normal"]
[Board "13"]
[WhiteElo "1980"]
[BlackElo "1731"]
[PlyCount "117"]
[WhiteFideId "24629090"]
[BlackFideId "24629596"]
[EventCountry "GER"]
[EventRounds "9"]
[EventType "swiss"]
[EventDate "2005.05.15"]

1. e4 c5 2. Nf3 d6 3. d4 cxd4 4. Nxd4 Nf6 5. Nc3 a6 6. Bg5 e6 7. f4 Be7 8. Qf3
Qc7 9. O-O-O Nbd7 10. g4 b5 11. Bxf6 Nxf6 12. g5 Nd7 13. f5 Nc5 14. f6 gxf6 15.
gxf6 Bf8 16. Rg1 h5 17. Re1 Bd7 18. Kb1 b4 19. Nce2 Qa5 20. Rd1 Rc8 21. Ng3 Na4
22. Be2 Qc5 23. Qd3 h4 24. Nh5 Rxh5 25. Bxh5 Qxh5 26. Rg8 Nc5 27. Nxe6 fxe6 28.
Qxd6 Qf7 29. Rdg1 Qxf6 30. Qd1 Na4 31. Qh5+ Kd8 32. Qa5+ Rc7 33. Qxb4 Nc5 34.
e5 Qf2 35. R8g2 Qf7 36. Qxh4+ Be7 37. Rg8+ Be8 38. Qh8 Nd7 39. a3 Bf8 40. Rd1
Kc8 41. Rdg1 Kb7 42. h4 Bc5 43. Rd1 Qf3 44. Rd3 Qf1+ 45. Ka2 Bf7 46. Rd8 Nb6
47. h5 Qc1 48. Rb3 Qg1 49. h6 Bg6 50. Rb8+ Kc6 51. R8xb6+ Bxb6 52. Qa8+ Kd7 53.
Rd3+ Bxd3 54. cxd3 Qg6 55. Qh8 Kc6 56. Qa8+ Rb7 57. Qc8+ Bc7 58. Qh8 Qf5 59. h7
0-1

[Event "DEM U16 2005"]
[Site "Willingen GER"]
[Date "2005.05.21"]
[Round "9"]
[White "Isakson, Alex"]
[Black "K, Torben"]
[Result "1-0"]
[Termination "normal"]
[Board "14"]
[WhiteElo "1582"]
[BlackElo "1874"]
[PlyCount "129"]
[WhiteFideId "24637351"]
[BlackFideId "24618454"]
[EventCountry "GER"]
[EventRounds "9"]
[EventType "swiss"]
[EventDate "2005.05.15"]

1. e4 e5 2. Nf3 Nc6 3. d4 exd4 4. Nxd4 Bc5 5. Be3 Qf6 6. c3 Nge7 7. Bc4 Ne5 8.
Be2 N7g6 9. O-O Nf4 10. Nf5 Bxe3 11. Nxe3 Nxe2+ 12. Qxe2 d6 13. Nd5 Qd8 14. f4
Nc6 15. Qh5 Be6 16. Nd2 Qd7 17. Nf3 O-O-O 18. Rae1 f5 19. c4 Bxd5 20. exd5 Ne7
21. Ng5 Ng8 22. Ne6 g6 23. Qh4 Re8 24. Re3 Ne7 25. Ng7 g5 26. Qxg5 h6 27. Qh5
Reg8 28. Ne6 c6 29. Qf3 h5 30. Rfe1 Ng6 31. dxc6 bxc6 32. Nd4 Nh4 33. Qxc6+
Qxc6 34. Nxc6 Nxg2 35. Ne7+ Kd8 36. Nxg8 Nxe3 37. Rxe3 Rxg8+ 38. Kf2 h4 39. b4
Rg4 40. Rf3 h3 41. Ke3 Rg2 42. Rf2 Rg1 43. Rf3 Rg2 44. Rxh3 Rxa2 45. Rh7 Ra4
46. Kd4 Rxb4 47. Rxa7 Rb2 48. Kd5 Rxh2 49. Kxd6 Rh6+ 50. Kd5 Rh1 51. Rf7 Rd1+
52. Kc5 Ra1 53. Kc6 Rf1 54. Rxf5 Ke7 55. Re5+ Kf6 56. Re8 Kf7 57. Re4 Rb1 58.
c5 Kf6 59. Rd4 Ke6 60. Kc7 Ke7 61. c6 Rb5 62. Kc8 Ke8 63. c7 Ke7 64. Re4+ Kf7
65. Kd7 1-0